Bojom ku spáse! scéna vo dvoch dejstvách

Bibliographic Details
Main Author: Urbánek, Ferko, 1858-1934 (Author)
Corporate Authors: Slovenský spevokol (Martin, Slovensko), Kníhtlačiarsky účastinársky spolok (Martin, Slovensko), Muzeálna slovenská spoločnosť (Martin, Slovensko)
Format: Book
Language:Slovak
PhysicalDescription:12 strán V. 8°, 24x16 cm
Published: V Turčianskom Sv. Martine Slovenský spevokol 1905
Series:Divadelná knižnica
Subjects:

MARC

LEADER 00000nam a2200000 a 4500
001 vtls008403588
003 SK-MaSNL
005 20260302074805.0
008 251124s1905 xo slo
015 |a SKSNBA19011918-002339 
035 |a SK01SNKBSKFE20010095805 
035 |a SKM000098268 
040 |a SNK  |b slo  |c SNK  |e rda 
041 1 |a slo 
044 |a xo  |c SK 
072 7 |a 792  |x Divadlo. Divadelné predstavenia  |2 konspekt 
080 |a 792  |2 2011 
080 |a 82-1/-9  |2 2011 
080 |a 821.162.4-2  |2 2001 
100 1 |a Urbánek, Ferko,  |d 1858-1934  |4 aut  |9 52614 
245 1 0 |a Bojom ku spáse!  |b scéna vo dvoch dejstvách  |c Ferko Urbánek 
264 1 |a V Turčianskom Sv. Martine  |b Slovenský spevokol  |c 1905 
264 3 |a Turčiansky Sv. Martin  |b Kníhtlačiarsky účastinársky spolok  |c 1905 
300 |a 12 strán  |c V. 8°, 24x16 cm 
336 |a text  |b txt  |2 rdacontent 
337 |a bez média  |b n  |2 rdamedia 
338 |a zväzok  |b nc  |2 rdacarrier 
490 0 |a Divadelná knižnica  |v sv. 8 
510 0 |a Odtlačok zo Slov. pohľ. 1905, č. 1 
561 |a Na titulnom liste pečiatka: Muzeálna spoločnosť slovenská.  |5 SNK SC 175/8 
650 0 7 |a slovenská dráma  |2 SNKPH  |9 78099 
655 7 |a umelecká literatúra  |2 SNKPH  |9 60405 
655 7 |a separáty  |2 SNKPH  |9 70334 
710 2 |a Slovenský spevokol (Martin, Slovensko)  |5 SNK SC 175/8  |9 167378 
710 2 |a Kníhtlačiarsky účastinársky spolok (Martin, Slovensko)  |5 SNK SC 175/8  |9 93127 
710 2 |a Muzeálna slovenská spoločnosť (Martin, Slovensko)  |5 SNK SC 175/8  |9 33033 
830 0 |a Divadelná knižnica  |9 278047 
852 |a Slovenská národná knižnica  |p SC 175/8 
852 |a Slovenská národná knižnica  |p SC 175/8 D1 
852 |a Slovenská národná knižnica  |p SC 175/8 D2 
958 |a ONDV 
958 |a RK 
958 |a TL 
999 |c 1166497  |d 1168427 
952 |a SNK  |b SNK  |y PREZ  |7 0  |p 17A0714076  |o snkSC 175/8  |i snkF 1437/27  |0 0  |1 0  |4 0  |d 2026-01-26  |l 0  |r 2026-02-24 20:50:33  |w 2026-02-24 
952 |a SNK  |b SNK  |y PREZ  |7 0  |p 17A0747335  |o snkSC 175/8 D1  |i snkKSK 662/56  |8 3  |z Rok: 1905  |0 0  |1 0  |4 0  |d 2011-11-11  |l 0  |r 2026-02-24 20:50:33  |w 2026-02-24 
952 |a SNK  |b SNK  |y PREZ  |7 0  |p 17A0748573  |o snkSC 175/8 D2  |i snkK 3452/65  |8 3  |z Rok: 1905  |0 0  |1 0  |4 0  |d 2011-11-11  |l 0  |r 2026-02-24 20:50:33  |w 2026-02-24